<?xml version="1.0" encoding="UTF-8"?>
<record
    xmlns:xsi="http://www.w3.org/2001/XMLSchema-instance"
    xsi:schemaLocation="http://www.loc.gov/MARC21/slim http://www.loc.gov/standards/marcxml/schema/MARC21slim.xsd"
    xmlns="http://www.loc.gov/MARC21/slim">

  <leader>00981nam a2200217 i 4500</leader>
  <controlfield tag="001">40816</controlfield>
  <controlfield tag="003">ES-MaACL</controlfield>
  <controlfield tag="005">20251011063059.0</controlfield>
  <controlfield tag="007">t|</controlfield>
  <controlfield tag="008">030307s1821    sp           ||||1| spa d</controlfield>
  <datafield tag="100" ind1="1" ind2=" ">
    <subfield code="a">Capmany y de Montpalau, Antonio de, </subfield>
    <subfield code="d">1742-1813</subfield>
    <subfield code="9">34868</subfield>
  </datafield>
  <datafield tag="245" ind1="1" ind2="0">
    <subfield code="a">Pr&#xE1;ctica y estilo de celebrar Cortes en el Reino de Arag&#xF3;n, Principado de Catalu&#xF1;a y Reino de Valencia y una noticia de las de Castilla y Navarra / </subfield>
    <subfield code="c">recopilado todo y ordenado por Antonio de Capmany y de Montpalau.</subfield>
  </datafield>
  <datafield tag="260" ind1=" " ind2=" ">
    <subfield code="a">Madrid : </subfield>
    <subfield code="b">[s.n.], </subfield>
    <subfield code="c">1821 (</subfield>
    <subfield code="f">Imp. de Jos&#xE9; Collado)</subfield>
  </datafield>
  <datafield tag="300" ind1=" " ind2=" ">
    <subfield code="a">VII, 356 p. ; </subfield>
    <subfield code="c">21 cm.</subfield>
  </datafield>
  <datafield tag="505" ind1="8" ind2=" ">
    <subfield code="a">Va a&#xF1;adido el reglamento para el Consejo representativo de Ginebra, y los reglamentos que se obserban en la Camara de los Comunes de Inglaterra</subfield>
  </datafield>
  <datafield tag="651" ind1=" " ind2="4">
    <subfield code="a">Arag&#xF3;n (Reino)-</subfield>
    <subfield code="x">Historia.</subfield>
    <subfield code="9">7791</subfield>
  </datafield>
  <datafield tag="651" ind1=" " ind2="4">
    <subfield code="a">Catalu&#xF1;a-</subfield>
    <subfield code="x">Historia.</subfield>
    <subfield code="9">8013</subfield>
  </datafield>
  <datafield tag="651" ind1=" " ind2="4">
    <subfield code="a">Valencia (Reino)-</subfield>
    <subfield code="x">Historia.</subfield>
    <subfield code="9">9504</subfield>
  </datafield>
  <datafield tag="852" ind1=" " ind2=" ">
    <subfield code="a">ES-MaACL</subfield>
    <subfield code="j">G-805</subfield>
  </datafield>
  <datafield tag="999" ind1=" " ind2=" ">
    <subfield code="c">40816</subfield>
    <subfield code="d">40816</subfield>
  </datafield>
  <datafield tag="952" ind1=" " ind2=" ">
    <subfield code="0">0</subfield>
    <subfield code="1">0</subfield>
    <subfield code="4">0</subfield>
    <subfield code="7">0</subfield>
    <subfield code="8">LIBXIX</subfield>
    <subfield code="a">ATENEOM</subfield>
    <subfield code="b">ATENEOM</subfield>
    <subfield code="c">DEPO2</subfield>
    <subfield code="d">2008-01-17</subfield>
    <subfield code="e">SC</subfield>
    <subfield code="l">0</subfield>
    <subfield code="o">G-805</subfield>
    <subfield code="p">1042966</subfield>
    <subfield code="r">2023-02-23 00:00:00</subfield>
    <subfield code="w">2023-02-23</subfield>
    <subfield code="y">MONANT</subfield>
  </datafield>
</record>
